Se adueñan de la tierra: el nuevo acaparamiento agrario/

Na minha lista:
Detalhes bibliográficos
Formato: Livro
Idioma:Spanish
Tags: Adicionar Tag
Sem tags, seja o primeiro a adicionar uma tag!

MARC

LEADER 00000nam a22000007a 4500
003 cru CIDCACS/IIS
005 20180228111020.0
007 ta
008 180223s2008 |||p|r||||||0| ||spa|d
999 |c 41057  |d 41057 
040 |c cru CIDCACS/IIS 
245 1 |a Se adueñan de la tierra:  |b el nuevo acaparamiento agrario/  |c GRAIN 
300 |a páginas 3-10:  |b tabla, fotos 
773 0 |0 41050  |9 1817  |a Red de Ecología Social (Uruguay)  |d Uruguay: REDES-AT; GRAIN  |o 17953  |t Biodiversidad:  |x 07977888X 
942 |2 ddc  |c PP